Najwięcej warty zawodnik z każdego kraju #1 (piłka nożna) - Statystyki

Ogólne statystyki
  • Ten quiz został rozwiązany 65 razy
  • Średni wynik to 6 z 7
Statystyki odpowiedzi
Kraj Wartość rynkowa Klub Piłkarz % Poprawnych
Hiszpania 200 mln euro Fc Barcelona Lamine Yamal
100%
Francja 200 mln euro Real Madryt Kylian Mbappe
98%
Brazylia 150 mln euro Real Madryt Vinicius Junior
95%
Anglia 200 mln euro Real Madryt Jude Bellingham
91%
Niemcy 130 mln euro Bayern Monachium Jamal Musiala
88%
Portugalia 110 mln euro Paris Saint Germain Joao Neves/Vitinha
84%
Chorwacja 70 mln euro Manchester City Josko Gvardiol
83%
Nie znaleziono quizów pasujących do podanych kryteriów
Rozkład punktacji
Procent ludzi z każdym wynikiem
Percentyl według liczby udzielonych odpowiedzi
Twoja historia wyników
Nie rozwiązałeś tego quizu